Compounding and processing of powder and crumby rubber (Record no. 56100)

MARC details
000 -LEADER
fixed length control field 00351nam a2200109Ia 4500
100 ## - MAIN ENTRY--AUTHOR NAME
Personal name Millauer C
245 #0 - TITLE STATEMENT
Title Compounding and processing of powder and crumby rubber
260 ## - PUBLICATION, DISTRIBUTION, ETC. (IMPRINT)
Name of publisher Proceedings of the International Rubber Conference, Venice, 1979; p710-721
650 ## - SUBJECT ADDED ENTRY--TOPICAL TERM
Topical Term Rubber compounding
942 ## - ADDED ENTRY ELEMENTS (KOHA)
Koha item type Journals
Holdings
Withdrawn status Lost status Damaged status Not for loan Home library Current library Shelving location Date acquired Koha item type
      Journals RRII Library RRII Library Rubber chemistry 17/12/2021 Journals